000
00289nam a2200121Ia 4500
100
_a
Roeper/ R.
942
_c
BK
654
_a
Three phase systems
245
_a
Short Circuit Currents in Three-Phase Systems
260
_b
Wiley eastern
_a
New Delhi
_c
1989
546
_a
ENGLISH
999
_c
21188
_d
21188